00253nam a22001097a 4500020001500000082001200015100001500027245003700042260004100079300001000120650001300130 a8177692186 aA3 B631 aBodh, P.C. aThe Tales from the Buddha's Life aVaranasibPilgrims Publicationc2004 a258p. aBuddhism